LEADER 01360oam 2200397Ia 450 001 9910701295603321 005 20111122160622.0 035 $a(CKB)5470000002416097 035 $a(OCoLC)761956189 035 $a(EXLCZ)995470000002416097 100 $a20111122d1993 ua 0 101 0 $aeng 135 $aurbn||||||||| 181 $ctxt$2rdacontent 182 $cc$2rdamedia 183 $acr$2rdacarrier 200 00$aFailure of residual heat removal pump bearings due to high thrust loading$b[electronic resource] 210 1$aWashington, D.C. :$cU.S. Nuclear Regulatory Commission, Office of Nuclear Reactor Regulation,$d[1993] 215 $a1 online resource 225 1 $aNRC information notice ;$v93-08 300 $aTitle from title screen (viewed on Nov. 22, 2011). 300 $a"February 1, 1993." 606 $aNuclear reactors$xCooling 606 $aPumping machinery 606 $aBearings (Machinery) 615 0$aNuclear reactors$xCooling. 615 0$aPumping machinery. 615 0$aBearings (Machinery) 712 02$aU.S. Nuclear Regulatory Commission.$bOffice of Nuclear Reactor Regulation. 801 0$bGPO 801 1$bGPO 801 2$bGPO 906 $aBOOK 912 $a9910701295603321 996 $aFailure of residual heat removal pump bearings due to high thrust loading$93215643 997 $aUNINA